[Event "2nd Easter 4NCL Congress"]
[Site "Daventry"]
[Date "2022.04.15"]
[Round "1"]
[Board "1"]
[White "Hebden, Mark L"]
[Black "Cox, Toby"]
[Result "1-0"]
[WhiteElo "2532"]
[BlackElo "2070"]
[PlyCount "0"]
[EventDate "2022.04.15"]
[EventRounds "7"]
[EventCountry "ENG"]

1. e4 {[%clk 01:30:34]} {[%emt 00:00:25]} e6 {[%clk 01:30:24]} {[%emt
00:00:37]} 2. Nc3 {[%clk 01:30:17]} {[%emt 00:00:46]} d5 {[%clk 01:30:21]}
{[%emt 00:00:34]} 3. d4 {[%clk 01:30:40]} {[%emt 00:00:07]} Nf6 {[%clk
01:30:07]} {[%emt 00:00:44]} 4. Bg5 {[%clk 01:30:53]} {[%emt 00:00:16]} dxe4
{[%clk 01:29:30]} {[%emt 00:01:08]} 5. Nxe4 {[%clk 01:31:03]} {[%emt 00:00:20]}
Be7 {[%clk 01:29:30]} {[%emt 00:00:29]} 6. Nxf6+ {[%clk 01:30:35]} {[%emt
00:00:58]} Bxf6 {[%clk 01:29:28]} {[%emt 00:00:33]} 7. Bxf6 {[%clk 01:30:58]}
{[%emt 00:00:07]} Qxf6 {[%clk 01:29:53]} {[%emt 00:00:05]} 8. Nf3 {[%clk
01:31:21]} {[%emt 00:00:06]} O-O {[%clk 01:27:52]} {[%emt 00:02:31]} 9. Qd3
{[%clk 01:31:19]} {[%emt 00:00:32]} Nc6 {[%clk 01:22:14]} {[%emt 00:06:09]} 10.
Qe4 {[%clk 01:30:06]} {[%emt 00:01:42]} Qg6 {[%clk 01:20:52]} {[%emt 00:01:53]}
11. Qxg6 {[%clk 01:29:37]} {[%emt 00:00:58]} hxg6 {[%clk 01:21:12]} {[%emt
00:00:11]} 12. O-O-O {[%clk 01:29:41]} {[%emt 00:00:25]} Bd7 {[%clk 01:17:52]}
{[%emt 00:03:51]} 13. h4 {[%clk 01:29:18]} {[%emt 00:00:53]} Rad8 {[%clk
01:15:36]} {[%emt 00:02:46]} 14. c3 {[%clk 01:27:17]} {[%emt 00:02:30]} Rfe8
{[%clk 01:12:43]} {[%emt 00:03:24]} 15. Bc4 {[%clk 01:25:39]} {[%emt 00:02:08]}
a6 {[%clk 00:56:38]} {[%emt 00:16:35]} 16. h5 {[%clk 01:23:50]} {[%emt
00:02:18]} gxh5 {[%clk 00:54:22]} {[%emt 00:02:47]} 17. Rxh5 {[%clk 01:24:07]}
{[%emt 00:00:13]} g6 {[%clk 00:54:21]} {[%emt 00:00:30]} 18. Rh4 {[%clk
01:24:26]} {[%emt 00:00:11]} Kg7 {[%clk 00:53:33]} {[%emt 00:01:18]} 19. Ng5
{[%clk 01:24:31]} {[%emt 00:00:25]} Rh8 {[%clk 00:46:03]} {[%emt 00:08:01]} 20.
Rdh1 {[%clk 01:16:53]} {[%emt 00:08:08]} b5 {[%clk 00:44:48]} {[%emt 00:01:46]}
21. Bb3 {[%clk 01:15:31]} {[%emt 00:01:51]} Rxh4 {[%clk 00:39:49]} {[%emt
00:05:29]} 22. Rxh4 {[%clk 01:15:54]} {[%emt 00:00:07]} Kf6 {[%clk 00:37:17]}
{[%emt 00:03:01]} 23. f4 {[%clk 01:15:33]} {[%emt 00:00:52]} Na5 {[%clk
00:36:08]} {[%emt 00:01:40]} 24. Rh7 {[%clk 01:14:38]} {[%emt 00:01:24]} Nxb3+
{[%clk 00:35:17]} {[%emt 00:01:22]} 25. axb3 {[%clk 01:15:00]} {[%emt
00:00:07]} Be8 {[%clk 00:35:07]} {[%emt 00:00:39]} 26. g4 {[%clk 01:14:33]}
{[%emt 00:00:58]} Ke7 {[%clk 00:34:05]} {[%emt 00:01:33]} 27. Rh8 {[%clk
01:10:50]} {[%emt 00:04:12]} Rd5 {[%clk 00:27:08]} {[%emt 00:07:27]} 28. b4
{[%clk 01:10:01]} {[%emt 00:01:19]} Rd8 {[%clk 00:25:16]} {[%emt 00:02:22]} 29.
Ne4 {[%clk 01:07:16]} {[%emt 00:03:15]} Rd5 {[%clk 00:21:52]} {[%emt 00:03:54]}
30. Kd2 {[%clk 01:04:11]} {[%emt 00:03:36]} Rd8 {[%clk 00:15:41]} {[%emt
00:06:41]} 31. Nc5 {[%clk 01:03:05]} {[%emt 00:01:35]} Rd6 {[%clk 00:15:11]}
{[%emt 00:01:01]} 32. Ke3 {[%clk 01:02:56]} {[%emt 00:00:38]} Rb6 {[%clk
00:13:44]} {[%emt 00:01:57]} 33. g5 {[%clk 01:00:32]} {[%emt 00:02:54]} Rd6
{[%clk 00:12:50]} {[%emt 00:01:24]} 34. Ne4 {[%clk 00:57:24]} {[%emt 00:03:37]}
Rd8 {[%clk 00:12:24]} {[%emt 00:00:57]} 35. Nf6 {[%clk 00:57:44]} {[%emt
00:00:10]} Ra8 {[%clk 00:02:04]} {[%emt 00:10:50]} 36. Rg8 {[%clk 00:57:13]}
{[%emt 00:01:00]} Bc6 {[%clk 00:01:11]} {[%emt 00:01:22]} 37. Rxa8 {[%clk
00:55:55]} {[%emt 00:01:49]} Bxa8 {[%clk 00:01:38]} {[%emt 00:00:05]} 38. Ng4
{[%clk 00:56:03]} {[%emt 00:00:22]} Kd6 {[%clk 00:00:56]} {[%emt 00:01:11]} 39.
Ne5 {[%clk 00:56:20]} {[%emt 00:00:13]} Ke7 {[%clk 00:01:13]} {[%emt 00:00:14]}
40. Nd3 {[%clk 00:56:38]} {[%emt 00:00:11]} Bb7 {[%clk 00:00:44]} {[%emt
00:01:00]} 41. Nc5 {[%clk 00:57:01]} {[%emt 00:00:07]} Bc8 {[%clk 00:01:11]}
{[%emt 00:00:03]} 42. Ke4 {[%clk 00:57:00]} {[%emt 00:00:31]} Kd6 {[%clk
00:01:01]} {[%emt 00:00:41]} 43. b3 {[%clk 00:57:08]} {[%emt 00:00:22]} Bd7
{[%clk 00:00:35]} {[%emt 00:00:56]} 44. Nxa6 {[%clk 00:57:03]} {[%emt
00:00:34]} Bc6+ {[%clk 00:01:00]} {[%emt 00:00:05]} 45. Kd3 {[%clk 00:56:47]}
{[%emt 00:00:45]} Bg2 {[%clk 00:01:13]} {[%emt 00:00:18]} 46. c4 {[%clk
00:56:50]} {[%emt 00:00:28]} c6 {[%clk 00:00:46]} {[%emt 00:00:57]} 47. Nc5
{[%clk 00:57:02]} {[%emt 00:00:18]} Bf1+ {[%clk 00:00:55]} {[%emt 00:00:21]} 48.
Kc3 {[%clk 00:57:21]} {[%emt 00:00:11]} Bg2 {[%clk 00:01:14]} {[%emt 00:00:11]}
49. Nd3 {[%clk 00:57:29]} {[%emt 00:00:21]} Be4 {[%clk 00:00:52]} {[%emt
00:00:52]} 50. Ne5 {[%clk 00:57:03]} {[%emt 00:00:56]} Ke7 {[%clk 00:01:13]}
{[%emt 00:00:09]} 51. Kd2 {[%emt 00:02:28]} Bh1 {[%clk 00:00:35]} 52. Ng4
{[%clk 00:54:31]} {[%emt 00:02:12]} Kd6 {[%clk 00:00:46]} {[%emt 00:00:19]} 53.
Nf2 {[%clk 00:53:47]} {[%emt 00:01:15]} Bf3 {[%clk 00:00:45]} {[%emt 00:00:31]}
54. Kd3 {[%clk 00:53:57]} {[%emt 00:00:20]} Bg2 {[%clk 00:01:01]} {[%emt
00:00:14]} 55. Ke2 {[%clk 00:53:55]} {[%emt 00:00:31]} Ke7 {[%clk 00:01:01]}
{[%emt 00:00:30]} 56. Nd1 {[%clk 00:54:13]} {[%emt 00:00:12]} Kd6 {[%clk
00:00:33]} {[%emt 00:00:58]} 57. Nc3 {[%clk 00:54:28]} {[%emt 00:00:15]} bxc4
{[%clk 00:00:58]} {[%emt 00:00:05]} 58. bxc4 {[%clk 00:54:55]} {[%emt
00:00:04]} Kc7 {[%clk 00:01:02]} {[%emt 00:00:27]} 59. Nd1 {[%clk 00:54:32]}
{[%emt 00:00:53]} Kd6 {[%clk 00:00:57]} {[%emt 00:00:35]} 60. Ne3 {[%clk
00:54:36]} {[%emt 00:00:25]} Be4 {[%clk 00:01:15]} {[%emt 00:00:15]} 61. Ng4
{[%clk 00:54:53]} {[%emt 00:00:09]} Ke7 {[%clk 00:01:25]} {[%emt 00:00:19]} 62.
Ke3 {[%clk 00:55:09]} {[%emt 00:00:15]} Bh1 {[%clk 00:01:23]} {[%emt 00:00:32]}
63. Ne5 {[%clk 00:55:30]} {[%emt 00:00:09]} Bg2 {[%clk 00:01:49]} {[%emt
00:00:05]} 64. Kd2 {[%clk 00:54:37]} {[%emt 00:01:23]} Be4 {[%clk 00:02:11]}
{[%emt 00:00:08]} 65. Kc3 {[%clk 00:54:54]} {[%emt 00:00:12]} f6 {[%clk
00:02:27]} {[%emt 00:00:15]} 66. Ng4 {[%clk 00:55:01]} {[%emt 00:00:22]} fxg5
{[%clk 00:02:45]} {[%emt 00:00:12]} 67. fxg5 {[%clk 00:55:25]} {[%emt
00:00:05]} Kd6 {[%clk 00:02:49]} {[%emt 00:00:27]} 68. Ne5 {[%clk 00:55:37]}
{[%emt 00:00:19]} Kc7 {[%clk 00:02:36]} {[%emt 00:00:43]} 69. Kb3 {[%clk
00:55:43]} {[%emt 00:00:23]} Kb6 {[%clk 00:02:43]} {[%emt 00:00:23]} 70. Nd7+
{[%clk 00:54:51]} {[%emt 00:01:22]} Kc7 {[%clk 00:03:00]} {[%emt 00:00:11]} 71.
Nc5 {[%clk 00:54:10]} {[%emt 00:01:14]} Bf5 {[%clk 00:03:16]} {[%emt 00:00:14]}
72. b5 {[%clk 00:54:19]} {[%emt 00:00:21]} Kb6 {[%clk 00:02:33]} {[%emt
00:01:13]} 73. Kb4 {[%clk 00:54:26]} {[%emt 00:00:22]} Bg4 {[%clk 00:02:37]}
{[%emt 00:00:27]} 74. Nd7+ {[%clk 00:54:41]} {[%emt 00:00:15]} Kc7 {[%clk
00:02:56]} {[%emt 00:00:11]} 75. Ne5 {[%clk 00:54:43]} {[%emt 00:00:27]}  1-0

[Event "2nd Easter 4NCL Congress"]
[Site "Daventry"]
[Date "2022.04.15"]
[Round "1"]
[Board "2"]
[White "Skettos, Nicolas"]
[Black "Roberson, Peter T"]
[Result "1-0"]
[WhiteElo "2067"]
[BlackElo "2501"]
[PlyCount "0"]
[EventDate "2022.04.15"]
[EventRounds "7"]
[EventCountry "ENG"]

1. e4 {[%clk 01:30:23]} {[%emt 00:00:37]} c6 {[%clk 01:30:58]} {[%emt
00:00:02]} 2. d4 {[%clk 01:26:55]} {[%emt 00:03:58]} d5 {[%clk 01:31:25]}
{[%emt 00:00:02]} 3. exd5 {[%clk 01:21:10]} {[%emt 00:06:16]} cxd5 {[%clk
01:31:44]} {[%emt 00:00:11]} 4. Bd3 {[%clk 01:21:37]} {[%emt 00:00:02]} Nc6
{[%clk 01:31:54]} {[%emt 00:00:09]} 5. c3 {[%clk 01:22:06]} {[%emt 00:00:12]}
e6 {[%clk 01:32:04]} {[%emt 00:00:19]} 6. Bf4 {[%clk 01:21:02]} {[%emt
00:01:34]} Nge7 {[%clk 01:31:46]} {[%emt 00:00:49]} 7. Nf3 {[%clk 01:21:09]}
{[%emt 00:00:23]} f6 {[%clk 01:31:39]} {[%emt 00:00:37]} 8. Qc2 {[%clk
01:19:15]} {[%emt 00:02:24]} g5 {[%clk 01:30:48]} {[%emt 00:01:21]} 9. Bg3
{[%clk 01:17:15]} {[%emt 00:02:30]} Bg7 {[%clk 01:21:07]} {[%emt 00:10:10]} 10.
Nbd2 {[%clk 00:50:11]} {[%emt 00:27:35]} Nf5 {[%clk 01:18:02]} {[%emt
00:03:34]} 11. Nb3 {[%clk 00:42:06]} {[%emt 00:08:36]} h5 {[%clk 01:11:48]}
{[%emt 00:06:44]} 12. h4 {[%clk 00:38:41]} {[%emt 00:03:56]} Nxg3 {[%clk
01:10:43]} {[%emt 00:01:33]} 13. fxg3 {[%clk 00:39:10]} g4 {[%clk 01:09:10]}
{[%emt 00:02:04]} 14. Ng1 {[%clk 00:37:17]} {[%emt 00:02:24]} Qd6 {[%clk
01:00:55]} {[%emt 00:08:45]} 15. Ne2 {[%clk 00:37:18]} {[%emt 00:00:28]} Bd7
{[%clk 01:00:58]} {[%emt 00:00:27]} 16. Bg6+ {[%clk 00:34:47]} {[%emt
00:03:01]} Kd8 {[%clk 00:59:06]} {[%emt 00:02:22]} 17. Nf4 {[%clk 00:33:22]}
{[%emt 00:01:56]} Bh6 {[%clk 00:49:21]} {[%emt 00:10:15]} 18. Nxh5 {[%clk
00:26:16]} {[%emt 00:07:35]} f5 {[%clk 00:43:31]} {[%emt 00:06:20]} 19. Nc5
{[%clk 00:24:32]} {[%emt 00:02:15]} Kc7 {[%clk 00:41:42]} {[%emt 00:02:19]} 20.
Nf6 {[%clk 00:20:41]} {[%emt 00:04:21]} Qxg3+ {[%clk 00:35:49]} {[%emt
00:06:22]} 21. Qf2 {[%clk 00:17:22]} {[%emt 00:03:50]} Bd2+ {[%clk 00:28:17]}
{[%emt 00:08:01]} 22. Ke2 {[%clk 00:17:11]} {[%emt 00:00:42]} Qxf2+ {[%emt
00:04:40]} 23. Kxf2 {[%emt 00:00:02]} Bc8 {[%clk 00:22:30]} {[%emt 00:01:35]}
24. Rad1 {[%clk 00:14:29]} {[%emt 00:03:12]} Bh6 {[%clk 00:15:16]} {[%emt
00:07:44]} 25. Rde1 {[%clk 00:12:08]} {[%emt 00:02:51]} Nd8 {[%clk 00:11:28]}
{[%emt 00:04:17]} 26. g3 {[%clk 00:10:28]} {[%emt 00:02:10]} Rf8 {[%clk
00:09:32]} {[%emt 00:02:26]} 27. Ne8+ {[%clk 00:08:57]} {[%emt 00:02:02]} Kc6
{[%clk 00:08:09]} {[%emt 00:01:53]} 28. Nd3 {[%clk 00:08:56]} {[%emt 00:00:31]}
Kd7 {[%clk 00:07:51]} {[%emt 00:00:48]} 29. Ne5+ {[%clk 00:07:46]} {[%emt
00:01:40]} Ke7 {[%clk 00:08:19]} {[%emt 00:00:02]} 30. Nc7 {[%clk 00:08:05]}
{[%emt 00:00:10]} Rb8 {[%clk 00:08:24]} {[%emt 00:00:25]} 31. Nxd5+ {[%clk
00:05:01]} {[%emt 00:03:35]} exd5 {[%clk 00:08:12]} {[%emt 00:00:42]} 32. Nxg4+
{[%clk 00:05:23]} {[%emt 00:00:08]} Be6 {[%clk 00:07:49]} {[%emt 00:00:53]} 33.
Nxh6 {[%clk 00:05:49]} {[%emt 00:00:04]} Kf6 {[%clk 00:07:14]} {[%emt
00:01:05]} 34. h5 {[%clk 00:04:04]} {[%emt 00:02:14]} Kg5 {[%clk 00:06:09]}
{[%emt 00:01:36]} 35. Rxe6 {[%clk 00:04:08]} {[%emt 00:00:27]} Nxe6 {[%clk
00:06:13]} {[%emt 00:00:26]} 36. Nf7+ {[%clk 00:02:56]} {[%emt 00:01:42]} Kf6
{[%clk 00:06:41]} {[%emt 00:00:02]} 37. Ne5 {[%clk 00:03:07]} {[%emt 00:00:18]}
Rbd8 {[%clk 00:07:02]} {[%emt 00:00:10]} 38. a3 {[%clk 00:01:37]} {[%emt
00:02:00]} Ng5 {[%clk 00:06:56]} {[%emt 00:00:36]} 39. Ke3 {[%clk 00:01:38]}
{[%emt 00:00:30]} Ne4 {[%clk 00:04:01]} {[%emt 00:03:24]} 40. Kf4 {[%clk
00:01:19]} {[%emt 00:00:49]} Nd6 {[%clk 00:04:28]} {[%emt 00:00:03]} 41. Rh2
{[%clk 00:01:01]} {[%emt 00:00:47]} Rg8 {[%clk 00:03:24]} {[%emt 00:01:35]} 42.
Rf2 {[%clk 00:01:04]} {[%emt 00:00:27]} Ne4 {[%clk 00:02:23]} {[%emt 00:01:31]}
43. Rf1 {[%clk 00:01:22]} {[%emt 00:00:11]} Rd6 {[%clk 00:02:11]} {[%emt
00:00:42]} 44. Rh1 {[%clk 00:00:55]} {[%emt 00:00:57]} Ng5 {[%clk 00:01:29]}
{[%emt 00:01:14]} 45. Bxf5 {[%clk 00:00:47]} {[%emt 00:00:36]} Nf7 {[%clk
00:00:40]} {[%emt 00:01:19]} 46. h6 {[%clk 00:00:47]} {[%emt 00:00:31]} Rh8
{[%clk 00:00:46]} {[%emt 00:00:24]} 47. h7 {[%clk 00:00:48]} {[%emt 00:00:29]}
Kg7 {[%clk 00:01:08]} {[%emt 00:00:08]} 48. Nxf7 {[%clk 00:00:47]} {[%emt
00:00:30]} Kxf7 {[%clk 00:01:37]} {[%emt 00:00:02]} 49. Ke5 {[%clk 00:00:58]}
{[%emt 00:00:18]} Rdd8 {[%clk 00:01:39]} {[%emt 00:00:29]} 50. Be6+ {[%clk
00:01:07]} {[%emt 00:00:22]} Kg7 {[%clk 00:02:04]} {[%emt 00:00:04]} 51. Bg8
{[%clk 00:01:04]} {[%emt 00:00:32]} a5 {[%clk 00:01:32]} {[%emt 00:01:03]} 52.
Ke6 {[%clk 00:01:01]} {[%emt 00:00:32]} a4 {[%clk 00:01:26]} {[%emt 00:00:37]}
53. Ke7 {[%clk 00:01:16]} {[%emt 00:00:15]} Rf8 {[%clk 00:01:52]} {[%emt
00:00:03]} 54. Rh2 {[%clk 00:00:57]} {[%emt 00:00:50]} Rf5 {[%clk 00:01:24]}
{[%emt 00:00:58]} 55. Kd6 {[%clk 00:00:53]} {[%emt 00:00:33]} Rg5 {[%clk
00:00:55]} {[%emt 00:01:00]} 56. Rg2 {[%clk 00:01:11]} {[%emt 00:00:12]} Kf6
{[%clk 00:00:53]} {[%emt 00:00:31]} 57. g4 {[%clk 00:01:09]} {[%emt 00:00:32]}
Rg6 {[%clk 00:00:38]} {[%emt 00:00:45]} 58. Kxd5 {[%clk 00:01:24]} {[%emt
00:00:15]} Kg5 {[%clk 00:01:02]} {[%emt 00:00:06]} 59. Ke5 {[%clk 00:01:19]}
{[%emt 00:00:36]} Kh4 {[%clk 00:00:49]} {[%emt 00:00:43]} 60. g5 {[%clk
00:00:55]} {[%emt 00:00:54]} Kh3 {[%clk 00:01:13]} {[%emt 00:00:06]} 61. Rg1
{[%clk 00:01:20]} {[%emt 00:00:06]} Kh2 {[%clk 00:01:32]} {[%emt 00:00:09]} 62.
Rg4 {[%clk 00:01:14]} {[%emt 00:00:37]} Kh3 {[%clk 00:02:01]} 63. Kf5 {[%clk
00:01:28]} {[%emt 00:00:16]} Rgxg8 {[%clk 00:00:51]} {[%emt 00:01:40]} 64.
hxg8=Q {[%clk 00:01:54]} {[%emt 00:00:04]} Rxg8 {[%clk 00:01:19]} {[%emt
00:00:03]} 65. Re4 {[%clk 00:01:53]} {[%emt 00:00:30]} Rf8+ {[%clk 00:01:38]}
{[%emt 00:00:11]} 66. Kg6 {[%clk 00:02:15]} {[%emt 00:00:08]} Rf2 {[%clk
00:02:05]} {[%emt 00:00:02]} 67. Kh7 {[%clk 00:02:07]} {[%emt 00:00:39]} Kg3
{[%clk 00:02:13]} {[%emt 00:00:22]} 68. g6 {[%clk 00:02:24]} {[%emt 00:00:13]}
Kf3 {[%clk 00:02:38]} {[%emt 00:00:04]} 69. Re7 {[%clk 00:02:41]} {[%emt
00:00:13]} Rh2+ {[%clk 00:02:58]} {[%emt 00:00:09]} 70. Kg8 {[%clk 00:03:05]}
{[%emt 00:00:07]} Rxb2 {[%clk 00:03:26]} {[%emt 00:00:03]} 71. g7 {[%clk
00:03:20]} {[%emt 00:00:15]}  1-0

[Event "2nd Easter 4NCL Congress"]
[Site "Daventry"]
[Date "2022.04.15"]
[Round "1"]
[Board "3"]
[White "Gormally, Daniel W"]
[Black "Handley, Michael R"]
[Result "1-0"]
[WhiteElo "2496"]
[BlackElo "2064"]
[PlyCount "0"]
[EventDate "2022.04.15"]
[EventRounds "7"]
[EventCountry "ENG"]

1. d4 {[%clk 01:30:57]} {[%emt 00:00:02]} Nf6 {[%clk 01:30:50]} {[%emt
00:00:11]} 2. c4 {[%clk 01:31:22]} {[%emt 00:00:04]} g6 {[%clk 01:31:11]}
{[%emt 00:00:05]} 3. Nc3 {[%clk 01:31:51]} d5 {[%clk 01:31:37]} {[%emt
00:00:10]} 4. Nf3 {[%clk 01:32:13]} {[%emt 00:00:09]} Bg7 {[%clk 01:32:02]}
{[%emt 00:00:05]} 5. Bf4 {[%clk 01:32:38]} {[%emt 00:00:04]} O-O {[%clk
01:32:08]} {[%emt 00:00:24]} 6. e3 {[%clk 01:33:02]} {[%emt 00:00:05]} c5
{[%clk 01:32:07]} {[%emt 00:00:31]} 7. dxc5 {[%clk 01:33:25]} {[%emt 00:00:08]}
Qa5 {[%clk 01:32:20]} {[%emt 00:00:18]} 8. Rc1 {[%clk 01:33:49]} {[%emt
00:00:05]} dxc4 {[%clk 01:25:43]} {[%emt 00:07:07]} 9. Bxc4 {[%clk 01:34:13]}
{[%emt 00:00:06]} Qxc5 {[%clk 01:25:35]} {[%emt 00:00:38]} 10. Bb3 {[%clk
01:34:38]} {[%emt 00:00:05]} Nc6 {[%clk 01:21:44]} {[%emt 00:04:21]} 11. O-O
{[%clk 01:34:42]} {[%emt 00:00:26]} Qa5 {[%clk 01:15:44]} {[%emt 00:06:29]} 12.
h3 {[%clk 01:35:05]} {[%emt 00:00:07]} Bd7 {[%clk 01:02:57]} {[%emt 00:13:18]}
13. e4 {[%clk 01:31:37]} {[%emt 00:03:58]} Rad8 {[%clk 00:52:51]} {[%emt
00:10:36]} 14. Nd5 {[%clk 01:31:35]} {[%emt 00:00:31]} Be8 {[%clk 00:39:14]}
{[%emt 00:14:08]} 15. Bc7 {[%clk 01:25:33]} {[%emt 00:06:31]} Rxd5 {[%clk
00:29:50]} {[%emt 00:09:55]} 16. exd5 {[%clk 01:25:47]} {[%emt 00:00:15]} Qxc7
{[%clk 00:30:13]} {[%emt 00:00:07]} 17. dxc6 {[%clk 01:26:11]} {[%emt
00:00:06]} Bxc6 {[%clk 00:30:34]} {[%emt 00:00:09]} 18. Ba4 {[%clk 01:14:00]}
{[%emt 00:12:42]} Qb6 {[%clk 00:27:43]} {[%emt 00:03:21]} 19. Bxc6 {[%clk
01:14:04]} {[%emt 00:00:26]} bxc6 {[%clk 00:28:08]} {[%emt 00:00:05]} 20. Qa4
{[%clk 01:06:32]} {[%emt 00:08:02]} Rc8 {[%clk 00:23:38]} {[%emt 00:05:00]} 21.
Ne5 {[%clk 01:05:24]} {[%emt 00:01:38]} c5 {[%clk 00:22:19]} {[%emt 00:01:49]}
22. b4 {[%clk 01:03:37]} {[%emt 00:02:16]} Qe6 {[%clk 00:21:30]} {[%emt
00:01:20]} 23. Rfe1 {[%clk 01:03:37]} {[%emt 00:00:29]} cxb4 {[%clk 00:20:10]}
{[%emt 00:01:51]} 24. Nc6 {[%clk 01:03:46]} {[%emt 00:00:21]}  1-0